| 000 | 00515cam a22001817a 4500 | ||
|---|---|---|---|
| 001 | 001150 | ||
| 003 | armpunfd | ||
| 005 | 20240903152013.0 | ||
| 008 | 020813e0####xx#a##########000#0#und#d | ||
| 040 |
_aarmpunfd _carmpunfd |
||
| 080 | _a342.4 (821.2) C 667 | ||
| 245 | 1 | 0 | _aConstitucion de la provincia de buenos aires |
| 260 |
_a Uenos Aires : Congreso De La Nacion _b1994. |
||
| 300 | _a38 P. | ||
| 650 | 7 |
_a Constitucion Provincia Buenos Aires _2LEMB |
|
| 942 |
_cLB _2cdu |
||
| 945 |
_aCatalis _d2010-08-19 |
||
| 999 |
_c1141 _d231645 |
||